000 00425nam a22001455i 4500
001 170116
003 ES-MaACL
005 20230906214306.0
008 090202s1874 sp |||| | spa d
110 2 _aCírculo Industrial Minero (Madrid)
_9139332
245 1 0 _aCírculo Industrial Minero.
260 _aMadrid :
_b[s.n.,
_c1874?] (
_fImpr. de J. M. Lapuente)
300 _a[4 p.] ;
_c21 cm.
852 _aES-MaACL
_jT-171-F-12
999 _c170116
_d170116